000 00356nam a2200133Ia 4500
008 220217s9999||||xx |||||||||||||| ||und||
020 _a0-07-463831-9
082 _a5.133
100 _aRinehart, Martin
_91295
245 0 _aJava database development
260 _aTata mcgraw hill
_bNew Delhi
_c2002
300 _b450
650 _aPROGRAMMING LANGUAGE
999 _c166193
_d166193